Statistics for States considered southern

Click here to take the quiz!

General Stats

  • This quiz has been taken 17 times
  • The average score is 10 of 15

Answers on the Map

Answers color-coded by a green-red scale on the quiz's map according to % correct below.
 

Answer Stats

Answer% Correct
Alabama
85%
Louisiana
77%
Texas
69%
Arkansas
62%
Florida
62%
Georgia
62%
Kentucky
62%
Mississippi
62%
Missouri
62%
North Carolina
62%
Oklahoma
62%
South Carolina
62%
Tennessee
62%
Virginia
62%
West Virginia
62%

Score Distribution

Percentile by Number Answered

Percent of People with Each Score

Your Score History

You have not taken this quiz